000 02217nam a22002777a 4500
005 20220922114201.0
008 220922b ||||| |||| 00| 0 eng d
020 _a9789383052998
040 _cAL
041 _akan
082 _223
_aK894.8
_bHARK
100 _aG B Harish: ಜಿ ಬಿ ಹರೀಶ್ Ed
_958191
245 _aKannada sahitya sangathi: kannada sahitya beledubanda bage
_bಕನ್ನಡ ಸಾಹಿತ್ಯ ಸಂಗಾತಿ: ಕನ್ನಡ ಸಾಹಿತ್ಯ ಬೆಳೆದುಬಂದ ಬಗೆ
260 _aBengaluru
_bVasanta Prakashana
_c2015
300 _axxvii,611p.
_bPB
_c21x13cm.
365 _2Kannada
_aBLCR-000079
_b236.00
_c
_d295.00
_e20%
_f06-09-2022
520 _a೧. ಕನ್ನಡ ಭಾಷೆ ೨ ಛಂದಸ್ಸು ೩ ಶಾಸನ ಶಸ್ತ್ರ ಮತ್ತು ಕನ್ನಡ ಶಾಸನ ಸಾಹಿತ್ಯ ೪ ಗ್ರಂಥ ಸಂಪಾದನೆ ಮತ್ತು ಹಸ್ತಪ್ರತಿ ಶಾಸ್ತ್ರ ೫. ಕಾವ್ಯಮೀಮಾಂಸೆ ೬. ಜಾನಪದ ೭ ಹಳಗನ್ನಡ ರೂಪ ಪ್ರಕಾರಗಳು ಹಾಗೂ ಅನ್ಯಭಾಷಾ ಪ್ರೇರಣೆ ಮತ್ತು ಪ್ರಭಾವ ೮ ತಾವುಲನಿಕ ಸಾಹಿತ್ಯ ೯ ಹಳಗನ್ನಡದ ಪ್ರಮುಖ ಕೃತಿಗಳು ಕವಿಗಳು ೧೦ ಹೊಸಗನ್ನಡ ಸಾಹಿತ್ಯ ಪ್ರಕಾರಗಳು ೧೧ ಹೊಸಗನ್ನಡ ಸಾಹಿತ್ಯ ರಚನೆಗಳು ಹಾಗೂ ಕೃತಿಕಾರರು ೧೨ ಕನ್ನಡದ ಕೆಲವು ಸಾಹಿತ್ಯ ಪತ್ರಿಕೆಗಳು
650 _aKannada Language: ಕನ್ನಡ ಭಾಷೆ
_958158
650 _aJanapada: ಜಾನಪದ
_958159
650 _aVachana Sahitya: ವಚನ ಸಾಹಿತ್ಯ
_958160
650 _aKannada Poets: ಕನ್ನಡ ಕವಿಗಳು
_958161
650 _aKannada Novelist: ಕನ್ನಡ ಕಾದಂಬರಿಕಾರರು
_958162
650 _aCompetitive Exams: ಸ್ಪರ್ಧಾತ್ಮಕ ಪರೀಕ್ಷೆ
_958175
700 _aHARISH (G B): ಹರೀಶ್ (ಜಿ ಬಿ) Ed
_958163
942 _2ddc
_cBK
999 _c224636
_d224636